| 000 | 00499nam a2200193Ia 4500 | ||
|---|---|---|---|
| 003 | GCL | ||
| 008 | 140319s9999 xx 000 0 eng d | ||
| 040 |
_aGCL / _cGCL |
||
| 082 | 0 | 4 |
_a414 _bE A |
| 100 | 1 | _aEZZAT, ALIG | |
| 245 | 1 | 0 |
_aASPECTS OF LANGUAGE - STUDY / _cEZZAT, ALIG |
| 260 |
_a[S.N] : _bBEIRUT ARAB UNIVERSITY ، _c1973 |
||
| 300 | _a193 P | ||
| 490 |
_aBEIRUT ARAB UNIVERSITY _v0 |
||
| 650 | 0 | 4 | _aLINGUISTICS |
| 650 | 0 | 4 | _aENGLISH LANGUAGE |
| 650 | 0 | 4 | _aLANGUAGES |
| 942 |
_2ddc _cBK |
||
| 999 |
_c19690 _d19690 |
||